[Event "Xtracon Chess Open"]
[Site "Helsingor DEN"]
[Date "2019.07.28"]
[Round "10.1"]
[White "Sevian, Samuel"]
[Black "Praggnanandhaa, R"]
[Result "1/2-1/2"]
[WhiteElo "2667"]
[BlackElo "2540"]
[EventDate "2019.07.20"]

1. e4 c6 2. d4 d5 3. Nd2 dxe4 4. Nxe4 Nf6 5. Nxf6+ exf6 6. c3 Bd6 7. Bd3
O-O 8. Qc2 Re8+ 9. Ne2 h5 10. Be3 Nd7 11. Ng3 Bf4 12. O-O Bxe3 13. fxe3
Rxe3 14. Nxh5 Nf8 15. Qd2 Qe7 16. Rae1 Re6 17. Qf2 Qd6 18. Rxe6 Qxe6 19. h3
Qd6 20. Qh4 f5 21. Bxf5 Bxf5 22. Rxf5 Qe6 23. Qg5 Ng6 24. a3 Qb3 25. Rf2
Re8 26. Kh2 Qe6 27. Qg3 Qd5 28. Nf4 Nxf4 29. Qxf4 Qd7 30. Rf3 Re2 31. Rf2
Rxf2 32. Qxf2 b5 33. Qc2 Qd6+ 34. Kg1 Qe6 35. Kf2 a5 36. a4 bxa4 37. Qxa4
Qf5+ 38. Kg1 Qb1+ 39. Kh2 Qxb2 40. Qxa5 Qb8+ 41. Qe5 Qc8 42. Qd6 Qe8 43. c4
f6 44. d5 cxd5 45. Qxd5+ Kf8 46. Qd6+ Kf7 47. c5 Qe6 48. Qc7+ Ke8 49. c6
Qe7 50. Qb8+ Kf7 51. Qb3+ Qe6 52. Qb7+ Ke8 53. Qb8+ Kf7 54. Qa7+ Qe7 55.
Qb7 Ke8 56. Qb8+ Kf7 57. Qf4 Qc5 58. Qc7+ Qe7 59. Qg3 Qc5 60. Qb3+ Kf8 61.
Qe6 Qe7 62. Qd5 Qc7+ 63. g3 Ke7 64. h4 Qd6 65. Qe4+ Kd8 66. Qh7 Qxc6 67.
Qg8+ Qe8 68. Qxg7 Qe2+ 69. Kh3 Qf1+ 70. Kg4 Qe2+ 71. Kh3 Qf1+ 72. Kg4 Qe2+
73. Kh3 1/2-1/2

[Event "Xtracon Chess Open"]
[Site "Helsingor DEN"]
[Date "2019.07.28"]
[Round "10.2"]
[White "Tari, Aryan"]
[Black "Rasmussen, Allan Stig"]
[Result "1/2-1/2"]
[WhiteElo "2620"]
[BlackElo "2569"]
[EventDate "2019.07.20"]

1. e4 c6 2. d4 d5 3. exd5 cxd5 4. Bd3 Nc6 5. c3 Qc7 6. h3 Nf6 7. Nf3 g6 8.
Qc2 Bg7 9. O-O O-O 10. Be3 b6 11. Na3 Bb7 12. Rae1 Qc8 13. Qc1 Ba6 14. Nb5
Qd7 15. a4 Ne8 16. Bf4 Nd6 17. Bxd6 exd6 18. Qf4 Nd8 19. Qh4 Nc6 20. Re3
Rfe8 21. Rfe1 Rxe3 22. Rxe3 Bb7 23. Qf4 Bf8 24. Nh2 f5 25. g4 a6 26. gxf5
axb5 27. axb5 Ra1+ 28. Kg2 1/2-1/2

[Event "Xtracon Chess Open"]
[Site "Helsingor DEN"]
[Date "2019.07.28"]
[Round "10.3"]
[White "Grandelius, Nils"]
[Black "Sargissian, Gabriel"]
[Result "1/2-1/2"]
[WhiteElo "2691"]
[BlackElo "2681"]
[EventDate "2019.07.20"]

1. e4 e5 2. Nf3 Nc6 3. Bb5 Nf6 4. O-O Nxe4 5. Re1 Nd6 6. Nxe5 Be7 7. Bf1
Nf5 8. Nf3 d5 9. d4 O-O 10. Nc3 Nh4 11. Nxh4 Bxh4 12. Ne2 Bf5 13. c3 Re8
14. g3 Bf6 15. Be3 Ne7 16. Nf4 Nc8 17. Nh5 Be7 18. Qb3 Nb6 19. a4 a5 20.
Nf4 c6 21. Bd3 Bxd3 22. Nxd3 Nc4 23. Bf4 Qd7 24. Qc2 g5 25. Bd2 Qf5 26.
Rad1 Bf6 27. Bc1 Nd6 28. Rxe8+ Rxe8 29. Re1 1/2-1/2

[Event "Xtracon Chess Open"]
[Site "Helsingor DEN"]
[Date "2019.07.28"]
[Round "10.4"]
[White "Korobov, Anton"]
[Black "Hammer, Jon Ludvig"]
[Result "1/2-1/2"]
[WhiteElo "2687"]
[BlackElo "2637"]
[EventDate "2019.07.20"]

1. c4 e5 2. Nc3 Nf6 3. Nf3 Nc6 4. e3 Bb4 5. Qc2 Bxc3 6. bxc3 O-O 7. e4 Nh5
8. g3 f5 9. exf5 e4 10. Nh4 Nf4 11. Ng2 Nd3+ 12. Bxd3 exd3 13. Qxd3 Ne5 14.
Qd5+ Kh8 15. O-O d6 16. f4 c6 17. Qd4 c5 18. Qd5 Ng4 19. h3 Nf6 20. Qd3 b6
21. Re1 Ba6 22. g4 d5 23. g5 Ne8 24. Qxd5 Nd6 25. Re6 Nxf5 26. a4 Qc8 27.
Rc6 Qe8 28. Rc7 Qh5 29. a5 Rad8 30. Rd7 Rxd7 31. Qxd7 Qf3 32. Qd5 Qg3 33.
axb6 Re8 34. Bb2 Nh4 35. bxa7 Nf3+ 36. Kf1 Bxc4+ 37. Qxc4 Nxd2+ 38. Kg1
Nf3+ 39. Kf1 Nd2+ 40. Kg1 Nf3+ 1/2-1/2

[Event "Xtracon Chess Open"]
[Site "Helsingor DEN"]
[Date "2019.07.28"]
[Round "10.5"]
[White "Moiseenko, Alexander"]
[Black "Kollars, Dmitrij"]
[Result "1/2-1/2"]
[WhiteElo "2628"]
[BlackElo "2581"]
[EventDate "2019.07.20"]

1. d4 d5 2. c4 c6 3. Nc3 Nf6 4. e3 e6 5. Nf3 Nbd7 6. Bd3 dxc4 7. Bxc4 b5 8.
Bd3 Bb7 9. a3 Bd6 10. O-O O-O 11. Qc2 h6 12. e4 e5 13. dxe5 Nxe5 14. Nxe5
Bxe5 15. h3 Qe7 16. Be3 c5 17. Nxb5 Nxe4 18. f3 Ng3 19. Bxc5 Qg5 20. Bxf8
Nxf1 21. Bd6 Ne3 22. Qd2 Bxd6 23. Nxd6 Bxf3 24. Be4 Bxg2 25. Bxg2 Rd8 26.
Re1 Qxg2+ 27. Qxg2 Nxg2 28. Re8+ Rxe8 29. Nxe8 Nf4 30. Kh2 a5 31. b4 axb4
32. axb4 Nd5 33. b5 Kf8 34. Nd6 Nb6 35. Nf5 h5 36. Kg3 g6 37. Ne3 Ke7 38.
Kf4 f6 39. Ke4 Ke6 40. h4 Na4 41. Kf3 Ke5 42. Nc4+ Kd5 43. Ne3+ Kd6 44. Ng2
Nc3 45. Nf4 g5 46. Nxh5 Nxb5 47. Nxf6 gxh4 48. Kg4 1/2-1/2

[Event "Xtracon Chess Open"]
[Site "Helsingor DEN"]
[Date "2019.07.28"]
[Round "10.6"]
[White "Kryakvin, Dmitry"]
[Black "Svane, Rasmus"]
[Result "1/2-1/2"]
[WhiteElo "2586"]
[BlackElo "2615"]
[EventDate "2019.07.20"]

1. c4 Nf6 2. Nc3 e6 3. e4 d5 4. cxd5 exd5 5. e5 Ne4 6. Nf3 Bf5 7. a3 Be7 8.
d4 O-O 9. Bd3 c5 10. dxc5 Nxc3 11. bxc3 Bxd3 12. Qxd3 Na6 13. c6 Nc5 14.
Qc2 bxc6 15. O-O Ne6 16. Rd1 Qc7 17. h4 Rae8 18. Be3 h6 19. c4 dxc4 20.
Qxc4 Rc8 21. Qg4 Kh7 22. Qh5 c5 23. Rac1 c4 24. Rc3 Qa5 25. Qf5+ Kg8 26.
Qc2 Rc7 27. Rxc4 Rxc4 28. Qxc4 Qxa3 29. Rd7 Bc5 30. Bxc5 Nxc5 31. Rd6 a5
32. Kh2 Qb4 33. Qxb4 axb4 34. Rb6 Nd3 35. Rd6 Nxf2 36. Kg1 Ng4 37. Rd4 h5
38. Rxb4 Ra8 39. Rb1 Kf8 40. Re1 Ra6 41. Rb1 Ke7 42. Rb7+ Ke8 43. Rb1 Kd7
44. Re1 Ra5 45. Rb1 Ke6 46. Rf1 Ke7 47. Rb1 Ra2 48. Re1 Ra4 49. Rb1 Rc4 50.
Ra1 Rc7 51. Re1 Rd7 52. Ra1 Rb7 53. Re1 Rc7 54. Ra1 Ke6 55. Rf1 Kd5 56. Re1
Ra7 57. Kf1 Ra2 58. Kg1 Ra3 59. Kf1 Ne3+ 60. Kg1 Ng4 61. Kf1 Ra4 62. Kg1
Rb4 63. Kf1 Rf4 64. Kg1 Ra4 65. Kf1 Nh6 66. e6 fxe6 67. Re5+ Kd6 68. Rxh5
Nf5 69. Rg5 Nxh4 1/2-1/2

[Event "Xtracon Chess Open"]
[Site "Helsingor DEN"]
[Date "2019.07.28"]
[Round "10.7"]
[White "Christiansen, Johan-Sebastian"]
[Black "Postny, Evgeny"]
[Result "0-1"]
[WhiteElo "2548"]
[BlackElo "2601"]
[EventDate "2019.07.20"]

1. e4 c6 2. Nf3 d5 3. Nc3 Bg4 4. h3 Bxf3 5. Qxf3 e6 6. d4 Nf6 7. exd5 cxd5
8. Bd3 Nc6 9. Ne2 Bd6 10. O-O O-O 11. c3 e5 12. dxe5 Nxe5 13. Qe3 Re8 14.
Rd1 Ng6 15. Qd2 Bc7 16. Bxg6 hxg6 17. Qd3 Ne4 18. Be3 Qd6 19. Bf4 Qf6 20.
Qd4 Bb6 21. Qxf6 Bxf2+ 22. Kf1 gxf6 23. Rxd5 Bb6 24. Rad1 Re7 25. Rd7 Rae8
26. Rxe7 Rxe7 27. Rd5 f5 28. Bh2 Kg7 29. Bg1 Bxg1 30. Kxg1 Nf6 31. Rd2 g5
32. Kf1 f4 33. Rd4 Ne4 34. Rd5 Kg6 35. a4 f6 36. a5 b6 37. Nd4 bxa5 38.
Rxa5 Nd2+ 39. Kf2 Nc4 40. Rb5 Ne5 41. Nf3 Nd3+ 42. Kf1 Re6 43. b3 Nc1 44.
h4 g4 45. h5+ Kh7 46. Nd4 Re5 47. c4 Nd3 48. Rxe5 fxe5 49. Ne6 Kh6 50. c5
Nb4 51. Nd8 Kxh5 52. c6 Nd5 53. Ne6 Kg6 54. c7 Ne7 55. Kf2 Nc8 56. g3 Kf5
57. Nc5 e4 58. gxf4 Kxf4 59. Ne6+ Ke5 60. Nc5 Kd5 61. b4 Kd4 62. Ne6+ Kc4
63. Ke3 g3 64. Nf4 Nd6 65. c8=Q+ Nxc8 66. Kxe4 Kxb4 67. Kf3 a5 68. Nd3+ Kc4
69. Nb2+ Kb3 70. Nd3 Kc3 71. Nc5 Nb6 72. Kxg3 Kc4 73. Ne4 a4 74. Nd2+ Kc3
75. Ne4+ Kc2 76. Nc5 a3 77. Na6 Nd5 0-1

[Event "Xtracon Chess Open"]
[Site "Helsingor DEN"]
[Date "2019.07.28"]
[Round "10.8"]
[White "Lysyj, Igor"]
[Black "Bharath Subramaniyam H"]
[Result "0-1"]
[WhiteElo "2623"]
[BlackElo "2405"]
[EventDate "2019.07.20"]

1. d4 Nf6 2. c4 e6 3. Nf3 c5 4. d5 exd5 5. cxd5 d6 6. Nc3 g6 7. Bf4 a6 8.
a4 Qe7 9. h3 Nbd7 10. Nd2 Ne5 11. e3 Bg7 12. Be2 O-O 13. O-O Rb8 14. a5 Ne8
15. Qb3 Nc7 16. Bh2 Bd7 17. Rae1 f5 18. f4 Nf7 19. e4 Na8 20. exf5 Qe3+ 21.
Kh1 Qxd2 22. fxg6 hxg6 23. Rd1 Qe3 24. Bd3 Bf5 25. Bxf5 gxf5 26. Qc2 Rbe8
27. Qxf5 Ne5 28. Qb1 Nc4 29. Rfe1 Qf2 30. Ne4 Qxb2 31. Qd3 Qd4 32. Qb1 Na3
33. Qc1 Qc4 34. Nxd6 Qxc1 35. Rxc1 Rxe1+ 36. Rxe1 c4 37. Nxb7 Rb8 38. Nc5
c3 39. d6 c2 40. d7 Bf6 41. Nd3 Kf7 42. f5 Rd8 43. Nc5 Bd4 44. Bg1 Bxc5 45.
Bxc5 Rxd7 46. Bxa3 Rd1 47. Rg1 Nc7 48. Kh2 Nb5 49. Bc1 Nd4 50. Rh1 Nxf5 51.
Ba3 Ng3 52. Rg1 Ke6 53. h4 Kf5 0-1

[Event "Xtracon Chess Open"]
[Site "Helsingor DEN"]
[Date "2019.07.28"]
[Round "10.9"]
[White "Karthikeyan, Murali"]
[Black "Roseneck, Jonas"]
[Result "1-0"]
[WhiteElo "2613"]
[BlackElo "2398"]
[EventDate "2019.07.20"]

1. e4 c5 2. Nf3 d6 3. d4 cxd4 4. Nxd4 Nf6 5. Nc3 a6 6. Be2 e5 7. Nb3 Be7 8.
Be3 Be6 9. O-O O-O 10. Qd3 Nbd7 11. Nd5 Bxd5 12. exd5 Ne8 13. c4 f5 14. f4
exf4 15. Bxf4 g5 16. Bd2 Ne5 17. Qc2 Qb6+ 18. Kh1 f4 19. Bc3 Bf6 20. Rae1
Rc8 21. c5 Qd8 22. c6 bxc6 23. Bxe5 Bxe5 24. Bxa6 Ra8 25. dxc6 Kh8 26. Bc4
Qf6 27. Nd2 g4 28. Ne4 Qh6 29. g3 f3 30. b4 Ng7 31. Qc1 Qh3 32. Rf2 Nf5 33.
Rg1 Bd4 34. Be6 Ng7 35. Bd7 d5 36. Qd2 Bxf2 37. Nxf2 Qh5 38. Nxg4 f2 39.
Rf1 Qg6 40. Rxf2 Qe4+ 41. Kg1 Rxf2 42. Nxf2 Qc4 43. Qf4 Qb5 44. Qd6 Qb6 45.
a4 d4 46. a5 Qa6 47. Qxd4 1-0

[Event "Xtracon Chess Open"]
[Site "Helsingor DEN"]
[Date "2019.07.28"]
[Round "10.10"]
[White "Keinanen, Toivo"]
[Black "Vocaturo, Daniele"]
[Result "0-1"]
[WhiteElo "2386"]
[BlackElo "2612"]
[EventDate "2019.07.20"]

1. c4 c5 2. g3 g6 3. Bg2 Bg7 4. Nc3 Nc6 5. b3 e5 6. Bb2 Nge7 7. e3 d6 8.
Nge2 h5 9. h3 Be6 10. d3 d5 11. O-O O-O 12. cxd5 Nxd5 13. Na4 b6 14. d4
cxd4 15. exd4 e4 16. Qc2 Ndb4 17. Qxe4 Re8 18. Qf4 Bxh3 19. Bxh3 Rxe2 20.
Rad1 Nd5 21. Qf3 Re8 22. Bg2 Nce7 23. Rfe1 Qd6 24. Re2 Rac8 25. Rde1 Bf6
26. Nc3 Nxc3 27. Bxc3 Rf8 28. Bb4 Qxb4 29. Qxf6 Nf5 30. d5 Rcd8 31. Qb2 Qd6
32. Qc3 Rc8 33. Qd3 Qf6 34. Re5 Nd6 35. Re7 Rfe8 36. Rxe8+ Rxe8 37. Rxe8+
Nxe8 38. Qa6 Qe7 39. Qc8 Kg7 40. Qc3+ Qf6 41. Qd2 Qe5 42. Bf3 Nd6 43. Kf1
Nf5 44. Kg1 Qd4 45. Qg5 Qf6 46. Qd2 Qe5 47. Qd3 h4 48. gxh4 Qe1+ 49. Qf1
Nxh4 50. Be2 Qxf1+ 51. Kxf1 Nf5 52. Bg4 Kf6 53. Ke2 Ke5 54. Kd3 Nd6 55. Bf3
f5 56. Ke3 g5 57. Bg2 Ne8 58. Kd3 g4 0-1

[Event "Xtracon Chess Open"]
[Site "Helsingor DEN"]
[Date "2019.07.28"]
[Round "10.11"]
[White "Andersen, Mads"]
[Black "Andre, Gordon"]
[Result "1-0"]
[WhiteElo "2605"]
[BlackElo "2381"]
[EventDate "2019.07.20"]

1. Nf3 d5 2. g3 Nf6 3. Bg2 g6 4. c4 dxc4 5. Qa4+ Nfd7 6. Qxc4 Bg7 7. Nc3
O-O 8. d3 Nb6 9. Qh4 e5 10. Qxd8 Rxd8 11. O-O c6 12. Rd1 Na6 13. Rb1 Nb4
14. Bg5 f6 15. Bd2 a5 16. a3 N4d5 17. Ne4 Nc7 18. Rdc1 Nbd5 19. Nc5 Ne6 20.
Nb3 a4 21. Na5 g5 22. h3 h5 23. Kf1 g4 24. hxg4 hxg4 25. Nh4 Nd4 26. e3 Nb5
27. Ke2 Ne7 28. Rc4 f5 29. Rxa4 Rd6 30. Bb4 Rd7 31. Bxe7 Rxa5 32. Rxa5 Rxe7
33. Ra8 Re8 34. Nxf5 1-0

[Event "Xtracon Chess Open"]
[Site "Helsingor DEN"]
[Date "2019.07.28"]
[Round "10.12"]
[White "Hansen, Sune Berg"]
[Black "Korley, Kassa"]
[Result "1/2-1/2"]
[WhiteElo "2575"]
[BlackElo "2437"]
[EventDate "2019.07.20"]

1. d4 d5 2. c4 e6 3. Nf3 Nf6 4. g3 Bb4+ 5. Bd2 Bxd2+ 6. Nbxd2 O-O 7. Bg2 c6
8. O-O Nbd7 9. Qc2 b6 10. e4 Bb7 11. e5 Ng4 12. Rfe1 Nh6 13. cxd5 cxd5 14.
Rac1 Rc8 15. Qa4 a6 16. Bf1 Nf5 17. Bd3 Ne7 18. Qa3 Nc6 19. Bb1 Re8 20. h4
Qe7 21. Qd3 Nf8 22. a3 h6 23. Nh2 Na5 24. Ng4 Nc4 25. Nxc4 dxc4 26. Rxc4
Rxc4 27. Qxc4 Qd7 28. Ne3 b5 29. Qd3 Qc6 30. d5 exd5 31. Nf5 d4 32. f3 Qxf3
33. Qxf3 Bxf3 34. Nxd4 Bd5 35. Be4 1/2-1/2

[Event "Xtracon Chess Open"]
[Site "Helsingor DEN"]
[Date "2019.07.28"]
[Round "10.13"]
[White "Maze, Sebastien"]
[Black "Jepson, Christian"]
[Result "1-0"]
[WhiteElo "2565"]
[BlackElo "2391"]
[EventDate "2019.07.20"]

1. Nf3 d6 2. e4 Nf6 3. Nc3 g6 4. d4 Bg7 5. Be2 c6 6. O-O O-O 7. h3 Qc7 8.
Bf4 Nbd7 9. e5 Nh5 10. exd6 exd6 11. Bh2 Nhf6 12. a4 Nb6 13. a5 Nbd5 14.
Nxd5 cxd5 15. Bd3 Bh6 16. Qe1 Be6 17. Qb4 Rad8 18. a6 b6 19. Nd2 Nh5 20.
Nb1 Bf4 21. Bxf4 Nxf4 22. Qd2 g5 23. Re1 Qe7 24. Nc3 Qf6 25. Bf1 h5 26. Ra3
g4 27. h4 Ng6 28. g3 Ne7 29. Nb5 Rd7 30. Rae3 Rc8 31. Bd3 Kg7 32. Bf1 Bf5
33. Rc3 Rxc3 34. Nxc3 Rc7 35. Rxe7 Rxc3 36. Rxf7+ Qxf7 37. Qxc3 Qe7 38. Bg2
Be6 39. Qc6 Kf6 40. Bxd5 Bd7 41. Qc3 Bb5 42. Qd2 Kg6 43. Bb7 Qe2 44. Qg5+
Kf7 45. Qxh5+ Ke7 46. Qh7+ Kf6 47. Qh6+ Ke7 48. Qe3+ 1-0

[Event "Xtracon Chess Open"]
[Site "Helsingor DEN"]
[Date "2019.07.28"]
[Round "10.14"]
[White "Sawatzki, Frank"]
[Black "Timman, Jan H"]
[Result "1-0"]
[WhiteElo "2385"]
[BlackElo "2549"]
[EventDate "2019.07.20"]

1. e4 c6 2. d4 d5 3. e5 Bf5 4. h4 h6 5. g4 Be4 6. f3 Bh7 7. e6 Qd6 8. exf7+
Kxf7 9. Bd3 e5 10. dxe5 Qxe5+ 11. Ne2 Bxd3 12. Qxd3 Nd7 13. h5 Qe6 14. Bf4
Nc5 15. Qd2 Na4 16. b3 Qf6 17. c3 Nc5 18. Na3 Ne6 19. Nc2 Nxf4 20. Qxf4 Bd6
21. Qd2 Ne7 22. O-O-O a5 23. f4 a4 24. b4 c5 25. g5 Qe6 26. f5 Nxf5 27.
Rhf1 Kg8 28. Qxd5 Qxd5 29. Rxd5 Ng3 30. Nxg3 Bxg3 31. g6 cxb4 32. Nxb4 Bh4
33. Rd7 Rf8 34. Rff7 1-0

[Event "Xtracon Chess Open"]
[Site "Helsingor DEN"]
[Date "2019.07.28"]
[Round "10.15"]
[White "Ronka, Erik"]
[Black "Hjartarson, Johann"]
[Result "1/2-1/2"]
[WhiteElo "2289"]
[BlackElo "2513"]
[EventDate "2019.07.20"]

1. e4 e6 2. d4 d5 3. Nc3 Nf6 4. Bg5 dxe4 5. Nxe4 Be7 6. Bxf6 gxf6 7. Nf3 f5
8. Nc3 a6 9. g3 b5 10. Bg2 Bb7 11. O-O c5 12. d5 b4 13. dxe6 bxc3 14. exf7+
Kf8 15. Qe2 Bf6 16. Rad1 Qe7 17. Qc4 Nd7 18. Rfe1 Be4 19. bxc3 Ra7 20. Nd2
Ne5 21. Qa4 Bxg2 22. Kxg2 Qb7+ 23. Kg1 Nxf7 24. Qf4 Qc8 25. Nc4 Kg7 26. Nb6
Qc6 27. Qxf5 Ng5 28. Nd5 Rf8 29. h4 Qc8 30. Qxc8 Nf3+ 31. Kh1 Rxc8 32. Re3
Nxh4 33. Nxf6 Kxf6 34. gxh4 Rb8 35. Rd6+ Kf7 36. Rh6 Kg7 37. Ree6 Rb2 38.
Rxa6 Rf7 39. Rh5 Rxf2 40. Rg5+ Kf7 41. Rc6 Rxa2 42. Rcxc5 1/2-1/2

[Event "Xtracon Chess Open"]
[Site "Helsingor DEN"]
[Date "2019.07.28"]
[Round "10.16"]
[White "Hector, Jonny"]
[Black "Vaishali R"]
[Result "0-1"]
[WhiteElo "2487"]
[BlackElo "2344"]
[EventDate "2019.07.20"]

1. e4 c5 2. Nf3 Nc6 3. Nc3 d6 4. d4 cxd4 5. Nxd4 Nf6 6. Bg5 e6 7. Qd2 a6 8.
O-O-O Be7 9. f4 Bd7 10. Nf3 b5 11. Bxf6 gxf6 12. Kb1 Qb6 13. Bd3 b4 14. Ne2
a5 15. f5 a4 16. Nf4 Qc5 17. Rhf1 a3 18. b3 Ne5 19. Be2 Nxf3 20. Rxf3 Qe5
21. Nd3 Qd4 22. fxe6 fxe6 23. Rf4 e5 24. Bh5+ Kd8 25. Qf2 Qxf2 26. Rxf2 Rb8
27. Bf7 Bc6 28. Re1 h5 29. Be6 h4 30. Kc1 Ke8 31. Kd2 Bd8 32. Rf3 Ke7 33.
Bc4 Rh6 34. Re2 Ba5 35. g4 hxg3 36. Rxg3 Rh7 37. Ne1 Rbh8 38. Nf3 Rh3 39.
Bd5 Rxg3 40. hxg3 Bxd5 41. exd5 Bb6 42. Re4 f5 43. Rc4 e4 44. Nh4 Kf6 45.
Ke2 Rg8 46. Rxb4 Bc5 47. Rc4 Rxg3 48. b4 Ba7 49. Rc7 Bd4 50. Rc4 Bg1 51.
Kf1 Ke5 52. Rc8 Bd4 53. Rf8 Rg5 54. c4 Kf4 55. c5 dxc5 56. d6 cxb4 57. d7
Bb6 58. Ng2+ Kg3 59. Rb8 Bc7 60. Rc8 Ba5 61. Ra8 Bc7 62. Rc8 Ba5 63. Ra8
Bc7 64. Rc8 f4 65. Rxc7 Rd5 66. d8=Q Rxd8 67. Rg7+ Kf3 68. Ne1+ Ke3 69.
Nc2+ Kd2 70. Rg2+ Kc3 71. Ne1 Rd2 72. Rg4 b3 0-1

[Event "Xtracon Chess Open"]
[Site "Helsingor DEN"]
[Date "2019.07.28"]
[Round "10.17"]
[White "Hauge, Lars Oskar"]
[Black "Tryggestad, Andreas Garberg"]
[Result "1-0"]
[WhiteElo "2476"]
[BlackElo "2336"]
[EventDate "2019.07.20"]

1. e4 c5 2. Nf3 e6 3. Nc3 Nc6 4. d4 cxd4 5. Nxd4 Qc7 6. Be3 Nf6 7. f4 Bb4
8. Nb5 Qb8 9. a3 Bxc3+ 10. Nxc3 d6 11. g4 d5 12. exd5 exd5 13. Nxd5 Nxd5
14. Qxd5 O-O 15. Bd3 Re8 16. Kd2 Be6 17. Qh5 g6 18. Qg5 Qd6 19. Rad1 Nd4
20. Kc1 Bd5 21. Bxd4 Bxh1 22. Be5 Qc6 23. Bc3 Be4 24. Bc4 Qxc4 25. Qf6 Kf8
26. Qg7+ Ke7 27. Bb4+ Ke6 28. Qe5# 1-0

[Event "Xtracon Chess Open"]
[Site "Helsingor DEN"]
[Date "2019.07.28"]
[Round "10.18"]
[White "Holm, Kristian Stuvik"]
[Black "Rishovd, Svein"]
[Result "1-0"]
[WhiteElo "2469"]
[BlackElo "2124"]
[EventDate "2019.07.20"]

1. e4 e6 2. d4 d5 3. Nc3 Nf6 4. e5 Nfd7 5. f4 c5 6. Nf3 Nc6 7. Be3 Be7 8.
Qd2 a6 9. dxc5 Nxc5 10. h4 O-O 11. h5 Ne4 12. Nxe4 dxe4 13. Nd4 Bh4+ 14.
Ke2 Bd7 15. Nb3 Rc8 16. g4 Nb4 17. Nd4 Bb5+ 18. Kd1 Bxf1 19. Qxb4 Be7 20.
Qd2 Bc4 21. b3 Bd5 22. c4 Bc6 23. Nxc6 bxc6 24. Qxd8 Rfxd8+ 25. Ke2 Rd3 26.
Rad1 Rcd8 27. Rxd3 exd3+ 28. Kf3 Bb4 29. Rd1 Bc3 30. Bd2 Bb2 31. Ba5 Rd7
32. Ke3 f6 33. exf6 gxf6 34. Rxd3 Rxd3+ 35. Kxd3 f5 36. g5 Kf7 37. Bc3 Bc1
38. Be5 Ba3 39. Kc3 c5 40. Kc2 Bb4 41. Kb2 Bd2 42. Ka3 Be3 43. b4 Bc1+ 44.
Kb3 cxb4 45. c5 1-0

[Event "Xtracon Chess Open"]
[Site "Helsingor DEN"]
[Date "2019.07.28"]
[Round "10.20"]
[White "Bjerre, Jonas Buhl"]
[Black "Hobber, Anders"]
[Result "1-0"]
[WhiteElo "2503"]
[BlackElo "2294"]
[EventDate "2019.07.20"]

1. e4 e6 2. d4 d5 3. Nd2 dxe4 4. Nxe4 Nd7 5. Nf3 Ngf6 6. Nxf6+ Nxf6 7. Bd3
c5 8. Be3 Qc7 9. Qe2 Bd6 10. O-O-O O-O 11. dxc5 Bxc5 12. Bxc5 Qxc5 13. Ne5
b6 14. g4 Bb7 15. Rhg1 Rad8 16. Rg3 Rd4 17. Qe3 Rfd8 18. f4 Ne4 19. Rh3 f6
20. Nf3 R4d6 21. Qxc5 bxc5 22. Rf1 c4 23. Be2 c3 24. b3 Ba6 25. Ng1 Bxe2
26. Nxe2 Nf2 27. Rxc3 Nxg4 28. h3 Nh6 29. Ng3 Nf5 30. Nxf5 exf5 31. Rc7
R8d7 32. Rxd7 Rxd7 33. c4 Kf7 34. Kc2 Ke6 35. h4 g5 36. Re1+ Kf7 37. hxg5
fxg5 38. fxg5 Kg6 39. Rg1 f4 40. c5 Kf5 41. b4 f3 42. c6 Re7 43. Kd2 Kf4
44. Rc1 Re2+ 45. Kd3 Re8 46. c7 f2 47. Kd4 Kxg5 48. Kd5 Kg4 49. Kd6 Kg3 50.
Kd7 Rf8 51. c8=Q Rxc8 52. Kxc8 Kg2 53. b5 h5 54. a4 h4 55. a5 h3 56. b6
axb6 57. a6 f1=Q 58. Rxf1 Kxf1 59. a7 h2 60. a8=Q Kg1 61. Qa1+ Kg2 62. Qg7+
Kf1 63. Qf6+ Kg1 64. Qg5+ Kf1 65. Qf4+ Kg2 66. Qg4+ Kf1 67. Qh3+ Kg1 68.
Qg3+ Kh1 69. Qf2 1-0

[Event "Xtracon Chess Open"]
[Site "Helsingor DEN"]
[Date "2019.07.28"]
[Round "10.21"]
[White "Cramling, Pia"]
[Black "Valkama, Eero"]
[Result "1-0"]
[WhiteElo "2479"]
[BlackElo "2286"]
[EventDate "2019.07.20"]

1. Nf3 Nf6 2. c4 e6 3. g3 d5 4. Bg2 Be7 5. O-O O-O 6. d4 c6 7. Nc3 b6 8.
Qd3 Bb7 9. Rd1 Nbd7 10. b3 c5 11. cxd5 Nxd5 12. Nxd5 exd5 13. Bb2 Qc7 14.
Rac1 Rad8 15. Qf5 Nf6 16. Ne5 Qc8 17. Qxc8 Rxc8 18. Bh3 Rce8 19. e3 Bd6 20.
Nd3 cxd4 21. Bxd4 Ne4 22. Nf4 Bxf4 23. gxf4 Bc8 24. Bg2 Be6 25. f3 Nd6 26.
Be5 Nf5 27. Kf2 f6 28. Bc3 Nh4 29. Bf1 Rc8 30. Ba6 Rcd8 31. Bb4 Rf7 32. Rc6
Re8 33. e4 Bd7 34. Rd6 Bc8 35. Bb5 Ref8 36. R6xd5 Bb7 37. Rd8 1-0

[Event "Xtracon Chess Open"]
[Site "Helsingor DEN"]
[Date "2019.07.28"]
[Round "10.22"]
[White "Jogstad, Martin"]
[Black "Kjartansson, Gudmundur"]
[Result "1-0"]
[WhiteElo "2259"]
[BlackElo "2470"]
[EventDate "2019.07.20"]

1. d4 d5 2. c4 c6 3. cxd5 cxd5 4. Bf4 Nc6 5. e3 Nf6 6. Nc3 a6 7. Be2 b5 8.
Rc1 Bb7 9. Nf3 e6 10. O-O Rc8 11. Ne1 Nd7 12. Nd3 Nb4 13. a4 Nxd3 14. Qxd3
b4 15. Na2 Be7 16. Rxc8 Qxc8 17. Rc1 Qa8 18. Qb3 a5 19. Bb5 Bc8 20. Qc2 O-O
21. Qc6 Qxc6 22. Rxc6 e5 23. dxe5 Rd8 24. e6 fxe6 25. Bc7 Rf8 26. Bxa5 Ne5
27. Rc1 b3 28. Nb4 Nc4 29. Bxc4 dxc4 30. Nc6 Bh4 31. g3 Bb7 32. Ne5 Bf6 33.
Bc3 Rd8 34. Kf1 Rd5 35. Nxc4 Ba6 36. Bxf6 gxf6 37. Ke2 e5 38. Rc3 e4 39.
Ke1 Rc5 40. Na3 Rxc3 41. bxc3 b2 42. Kd2 Bd3 43. c4 Bxc4 44. Kc3 Bd5 45.
Kxb2 Kf7 46. Kc3 Kg6 47. Kd4 Ba8 48. a5 Kg5 49. h3 h5 50. Nb5 f5 51. Ke5 h4
52. gxh4+ Kxh4 53. a6 Kxh3 54. Kf4 Kg2 55. a7 Kxf2 56. Nc7 1-0

[Event "Xtracon Chess Open"]
[Site "Helsingor DEN"]
[Date "2019.07.28"]
[Round "10.23"]
[White "Christensen, Lasse"]
[Black "Zude, Erik"]
[Result "1/2-1/2"]
[WhiteElo "2158"]
[BlackElo "2385"]
[EventDate "2019.07.20"]

1. d4 d5 2. Nc3 Nf6 3. Bg5 c5 4. e3 cxd4 5. exd4 Nc6 6. Bxf6 gxf6 7. Qh5 e6
8. O-O-O Bd7 9. f4 f5 10. Nf3 Qf6 11. Nb5 Rc8 12. Ne5 a6 13. Nc3 Nxe5 14.
dxe5 Qd8 15. g4 Rxc3 16. bxc3 Qb6 17. Rd4 Bc5 18. gxf5 Bxd4 19. cxd4 Qxd4
20. Qg5 exf5 21. Rg1 Be6 22. Bd3 h6 23. Qg3 Kd7 24. Rd1 Qb4 25. Rd2 Rc8 26.
Qh4 Rg8 27. Qf2 Kc7 28. Rd1 Kb8 29. Rf1 Rc8 30. Qh4 Qd4 31. Kd2 Rg8 32. Qf2
Qb2 33. Qc5 Rc8 34. Qd6+ Ka7 35. a3 a5 36. Rg1 Qd4 37. Rf1 Rg8 38. Ke2 Rg2+
39. Kf3 Rg4 40. Ke2 Rg2+ 41. Kf3 Rxh2 42. Qc7 Rh3+ 43. Kg2 Qe3 44. Qxa5+
Kb8 45. Qe1 Qxe1 46. Rxe1 Rh4 47. Rh1 Rxf4 48. Rxh6 Kc7 49. Rf6 Kd8 50. Kg3
Rg4+ 51. Kf3 Ra4 52. Bxf5 Bxf5 53. Rxf5 Ke7 54. Ke3 Rxa3+ 55. Kd4 Ra5 56.
c3 Rb5 57. Rf6 Rb3 58. Rd6 Rb1 59. Rxd5 Rd1+ 60. Ke4 Re1+ 61. Kd4 Rd1+
1/2-1/2